नौका आणि नाविक कथा (Record no. 1216768)

MARC details
000 -LEADER
fixed length control field 00613nam a2200193Ia 4500
008 - FIXED-LENGTH DATA ELEMENTS--GENERAL INFORMATION
fixed length control field 151121s9999||||xx |||||||||||||| ||und||
082 ## - DEWEY DECIMAL CLASSIFICATION NUMBER
Classification number 550/वझे
082 ## - DEWEY DECIMAL CLASSIFICATION NUMBER
Item number HNW-12235
100 ## - MAIN ENTRY--PERSONAL NAME
Personal name वझे य।ग।
245 ## - TITLE STATEMENT
Title नौका आणि नाविक कथा
260 ## - PUBLICATION, DISTRIBUTION, ETC. (IMPRINT)
Name of publisher, distributor, etc "सुरूची प्रकाशन, पुणे"
260 ## - PUBLICATION, DISTRIBUTION, ETC. (IMPRINT)
Date of publication, distribution, etc --
300 ## - PHYSICAL DESCRIPTION
Extent 121
600 ## - SUBJECT ADDED ENTRY--PERSONAL NAME
Personal name वझे य।ग।
630 ## - SUBJECT ADDED ENTRY--UNIFORM TITLE
Uniform title नौका आणि नाविक कथा
700 ## - ADDED ENTRY--PERSONAL NAME
Personal name वझे य।ग।
730 ## - ADDED ENTRY--UNIFORM TITLE
Uniform title नौका आणि नाविक कथा
942 ## - ADDED ENTRY ELEMENTS (KOHA)
Koha item type Book
Holdings
Withdrawn status Lost status Damaged status Not for loan Home library Current library Date acquired Cost, normal purchase price Total Checkouts Full call number Barcode Date last seen Cost, replacement price Price effective from Koha item type
        Hirachand Nemchand Wachanalaya, Solapur Hirachand Nemchand Wachanalaya, Solapur 11/21/2015 3.00   HNW-12235 HNW-12235 11/21/2015 3.00 11/21/2015 Book